| 000 | 01348nam0a22002891 4500 | ||
|---|---|---|---|
| 001 | rc\791714 | ||
| 005 | 20040301143614.2 | ||
| 035 | _a(NLR Aleph) 006316873 | ||
| 090 |
_a7410670 _c7410670 |
||
| 100 | _a20040301d1983 u |0rusy50 ca | ||
| 101 | 0 | _arus | |
| 102 | _aRU | ||
| 105 | _aa ||||||||| | ||
| 200 | 1 |
_aДревние китайцы в эпоху централизованных империй _fМ.В. Крюков, Л.С. Переломов, М.В. Софронов, Н.Н. Чебоксаров _g[Отв. ред. Л.С. Переломов, Н.Н. Чебоксаров] |
|
| 210 |
_aМ. _cНаука _d1983 |
||
| 215 |
_a415 с., 4 л. ил. _cил. _d21 |
||
| 300 | _aВ надзаг.: АН СССР, Ин-т этнографии им. Н.Н. Миклухо-Маклая, Ин-т Дальнего Востока | ||
| 300 | _aРез.: англ. | ||
| 320 | _aБиблиогр.: с. 375-391 | ||
| 320 | _aУказ. имен, геогр., этн. назв. и предм.: с. 392-406 | ||
| 701 | 1 |
_aКрюков _bМ. В. _cд-р ист. наук, китаевед _f1932-2024 _gМихаил Васильевич _3RU\NLR\AUTH\770149796 |
|
| 702 | 1 |
_aПереломов _bЛ. С. _gЛеонард Сергеевич _4340 |
|
| 801 | 0 |
_aRU _bNLR _gpsbo |
|
| 801 | 1 |
_aRU _bELAR _2rusmarc |
|
| 852 |
_aNLR _j83-5/3652 |
||
| 942 | _cBOOK | ||
| 980 | _aNB | ||